00743nam a2200277Ia 4500001000700000003000500007008004100012010001100053020001800064040000900082082001600091100002400107245005000131260005500181300001100236500001400247650002000261650002300281901001600304902000600320910000900326942000600335942000700341999001900348952009800367Z_5406CHAP220113s2005 xx 000 0 und d a168476 a1-904761-19-4 cCHAP a636.0896 D5 aDiaz, D. E.9142814 aThe micotoxin blue book /cEd. by D. E. Diaz aNottingham :b Nottingham University Press,c2005 a349 p. afotocopia aMicosis 975488 aMicotoxinas975489 a636.0896 D5 aM a2005 c1 cc1 c168476d168476 00102ddc40708GRALaZbZc1d2006-04-12pz_5245r2022-01-18 00:00:00t1w2022-01-18yLIBRO